Law Relating to Arbitration & Conciliation in India (Record no. 19950)

MARC details
000 -LEADER
fixed length control field 00313nam a22001217a 4500
008 - FIXED-LENGTH DATA ELEMENTS--GENERAL INFORMATION
fixed length control field 230501b |||||||| |||| 00| 0 eng d
100 ## - MAIN ENTRY--AUTHOR NAME
Personal name N. V. Paranjape
245 ## - TITLE STATEMENT
Title Law Relating to Arbitration & Conciliation in India
260 ## - PUBLICATION, DISTRIBUTION, ETC. (IMPRINT)
Place of publication Allahabad
Name of publisher ALA
Year of publication 2010
300 ## - PHYSICAL DESCRIPTION
Number of Pages 432
546 ## - LANGUAGE NOTE
Language note English
942 ## - ADDED ENTRY ELEMENTS (KOHA)
Source of classification or shelving scheme Dewey Decimal Classification
Koha item type Books
Holdings
Accession Number Cost, normal purchase price Source of acquisition Price effective from Koha item type Withdrawn / writtenoff status Damaged status Not for loan Permanent Location Current Location Shelving location Date acquired Lost/ Missing status department
LLB 447 200.00 Donated By Mr. Karan Pandoh Assistant Prof. MIET SOL 05/01/2023 Books       MIET Library, Jammu MIET Library, Jammu 186/4 04/24/2023   BBA LLB